Atatürk (Record no. 4866)

MARC details
000 -BAŞLIK
Sabit Uzunlukta Kontrol Alanı 00857na a2200277 4500
001 - KONTROL NUMARASI
Denetim Alanı 13921
003 - KONTROL NUMARASI IDENTIFIER
Denetim Alanı MIRAKIL
005 - SON İŞLEM TARİHİ VE ZAMANI
Denetim Alanı 20181213155020.0
008 - SABİT-BOY VERİ ELEMANLARI - GENEL BİLGİLER
Sabit Uzunlukta Kontrol Alanı 160822b tu 000 0
020 ## - ULUSLARARASI STANDART KİTAP NUMARASI
Uluslararası Standart Kitap Numarası 9751714974
035 ## - SİSTEM KONTROL NUMARASI
Sistem Kontrol Numarası 13921
040 ## - KATALOGLAMA KAYNAK
Orijinal Kataloglama Ajansı Milas
Kataloglama Dili tur
Metne Dönüştürmek Ajansı TR-AnCHP
082 ## - DEWEY ONLU SINIFLANDIRMA NUMARASI
Sınıflandırma Numarası ATA 923.156
Ürün Numarası E66a 1986
090 ## - SINIFLAMA NUMARASI
Sınıflama Numarası ATA 923.156 E66a 1986
100 ## - ANA GİRİŞ - KİŞİSEL İSİM
Kişisel Ad Eroğlu, Hamza
245 ## - BAŞLIK TABLOSU
Başlık Atatürk
Başlığın Kalan hayatı ve üstün kişiliği
Sorumluluk Tablosu, Vb Hamza Eroğlu
246 ## - UNVAN FORM VARYING
Başlık Doğru / Kısa Başlığı hayatı ve üstün kişiliği
260 ## - YAYIN, DAĞITIM, VB
Yayın, Dağıtım, Vb Yeri Ankara
Yayıncı, Dağıtıcı, Vs Adı Kültür Bakanlığı
Yayın, Dağıtım, Vb Tarihi 1986
300 ## - FİZİKSEL TANIM
Kapsam xi, 340 s.
Boyutlar 18 sm.
490 ## - SERİSİ TABLOSU
Seri Beyanı Atatürk dizisi
Hacim / Ardışık Tanımı 43
490 ## - SERİSİ TABLOSU
Seri Beyanı T.C. Kültür Bakanlığı Yayınları
Hacim / Ardışık Tanımı 1714
504 ## - KAYNAKÇA VB NOT
Kaynakça Vb Notu Kaynakça var.
600 ## - KONU KATMA GİRİŞ - KURUMSAL ADI
Kişisel Ad Atatürk, Mustafa Kemal
Bir Adıyla İlişkilendirilen Tarihler 1881-1938
Genel Alt Bölümü Kişilik
600 ## - KONU KATMA GİRİŞ - KURUMSAL ADI
Kişisel Ad Atatürk, Mustafa Kemal
Bir Adıyla İlişkilendirilen Tarihler 1881-1938
Genel Alt Bölümü Yaşamöyküsü
942 ## - EKLENDİ GİRİŞ ELEMANLARI (KOHA)
Sınıflandırma Veya Raf Düzeni Kaynak Dewey Decimal Classification
Koha Öğesi Türü Books
999 ## - SİSTEM KONTROL NUMARALARI (KOHA)
Koha Biblionumber 4866
Koha Biblioitemnumber 4866
Holdings
Kalıcı Konum Mevcut Konum Edinme Tarihi Edinim Kaynak Toplam Check-Out'Lar Tam Çağrı Numarası Barkod Tarih Son Görülme İtibaren Geçerli Fiyatlar Koha Öğesi Türü
CHP Kütüphanesi CHP Kütüphanesi 08/22/2016 Bağış   ATA 923.156 E66a 1986 001744 08/22/2016 08/22/2016 Books